| 000 | 00974nam a2200313 i 4500 | ||
|---|---|---|---|
| 003 | EG-ScBUE | ||
| 005 | 20240923091421.0 | ||
| 008 | 150827t1996 ma a f 001 0 eng d | ||
| 020 | _a0201889528 | ||
| 020 | _a9780201889529 | ||
| 040 |
_aEG-ScBuE _beng _erda _cEG-ScBuE _dEG-ScBUE |
||
| 082 | 0 | 4 |
_a512.13 _bDUG _222 |
| 100 | 1 |
_aDugopolski, Mark, _eauthor. |
|
| 245 | 1 | 0 |
_aCollege algebra and trigonometry / _cMark Dugopolski, Southeastern Louisiana University. |
| 264 | 1 |
_aReading : _bAddison-Wesley, _c[1996] |
|
| 264 | 4 | _cc1996 | |
| 300 |
_a1 volume (various pagings) : _billustrations (some color) ; _c24 cm |
||
| 336 |
_2rdacontent _atext _btxt |
||
| 337 |
_aunmediated _2rdamedia _bn |
||
| 338 |
_avolume _bnc _2rdacarrier |
||
| 500 | _aIncludes index. | ||
| 590 | _ayassmeen ashraf | ||
| 650 | 7 |
_aAlgebra. _2BUEsh |
|
| 650 | 7 |
_aTrigonometry. _2BUEsh |
|
| 651 | _2BUEsh | ||
| 653 |
_bENGGEN _cAugust2015 |
||
| 655 | _vReading book | ||
| 942 |
_cBB _2ddc |
||
| 999 |
_c4244 _d4244 |
||